LIBRARY & INFORMATION CENTRE, KCAET, TAVANUR

ONLINE PUBLIC ACCESS CATALOGUE (OPAC)

Finite differences and numerical analysis / (Record no. 3040)

MARC details
000 -LEADER
fixed length control field 00472cam a2200193ua 4500
041 ## - LANGUAGE CODE
Language code of text/sound track or separate title eng
082 ## - DEWEY DECIMAL CLASSIFICATION NUMBER
Classification number 515.62
Item number SAX/FI
100 ## - MAIN ENTRY--AUTHOR NAME
Personal name Saxena, H C .
245 ## - TITLE STATEMENT
Title Finite differences and numerical analysis /
250 ## - EDITION STATEMENT
Edition statement 10 /
260 ## - PUBLICATION, DISTRIBUTION, ETC. (IMPRINT)
Place of publication New Delhi :
Name of publisher S.Chand & Sons ,
Year of publication 1992.
300 ## - PHYSICAL DESCRIPTION
Number of Pages 359 ; .
500 ## - GENERAL NOTE
General note *CSS
942 ## - ADDED ENTRY ELEMENTS (KOHA)
Koha item type Books
Holdings
Withdrawn status Lost status Damaged status Home library Current library Date acquired Full call number Accession Number Koha item type
      KAUAET KAUAET 07/04/2012 515.62 SAX/FI 18331 Books
      KAUAET KAUAET 07/04/2012 515.62 SAX/FI 18330 Books
      KAUAET KAUAET 07/04/2012 515.62 SAX/FI 18329 Books
free website counter